000 00443nam a2200217Ia 4500
003 IT-RoPAU
008 120407s9999 xx 000 0 und d
040 _aIT-RoPAU
040 _cIT-RoPAU
041 _aita
100 _aPier Paolo Pasolini
245 _aOdore dell’India.
250 _aMilano
260 _aLonganesi
260 _c1971
300 _a112 p.
300 _c18 cm
490 _v1
942 _cBK
999 _c24447
_d24447